চলে যায় বসন্তের দিন / (Record no. 1166)
[ view plain ]
| 000 -LEADER | |
|---|---|
| fixed length control field | 00707nam a2200229 a 4500 |
| 001 - CONTROL NUMBER | |
| JCCL Control Number | 1166 |
| 003 - CONTROL NUMBER IDENTIFIER | |
| JCCL marc code | BD-JhCC |
| 005 - DATE AND TIME OF LATEST TRANSACTION | |
| control field | 20221124134023.0 |
| 008 - FIXED-LENGTH DATA ELEMENTS--GENERAL INFORMATION | |
| fixed length control field | 171016s2011 bg |||| |||| 000 0 b d |
| 020 ## - INTERNATIONAL STANDARD BOOK NUMBER | |
| International Standard Book Number | 9848681760 |
| 035 ## - SYSTEM CONTROL NUMBER | |
| system control number | (BD-JhCC)1166 |
| 040 ## - CATALOGING SOURCE | |
| Original cataloging agency | BD-JhCC |
| Modifying agency | BD-JhCC |
| 041 ## - LANGUAGE CODE | |
| Language code of Book | ben |
| 082 ## - DEWEY DECIMAL CLASSIFICATION NUMBER | |
| Classification number | 891.443 |
| Author mark and Year | HUM 2011 |
| 100 ## - MAIN ENTRY--PERSONAL NAME | |
| Personal name | আহমেদ, হুমায়ূন |
| 245 ## - TITLE STATEMENT | |
| Title | চলে যায় বসন্তের দিন / |
| Statement of responsibility, etc | হুমায়ূন আহমেদ |
| 260 ## - PUBLICATION, DISTRIBUTION, ETC. (IMPRINT) | |
| Place of publication, distribution, etc | ঢাকা : |
| Name of publisher, distributor, etc | অন্যপ্রকাশ, |
| Date of publication, distribution, etc | ২০১১. |
| 300 ## - PHYSICAL DESCRIPTION | |
| Pagination | ১০৩ পৃ.: |
| Dimensions | ২১ সেমি. |
| 650 ## - SUBJECT ADDED ENTRY--TOPICAL TERM | |
| Topical term or geographic name as entry element | Bengali Novel |
| 942 ## - ADDED ENTRY ELEMENTS (KOHA) | |
| Source of classification or shelving scheme | Dewey Decimal Classification |
| Koha item type | Books |
| Koha issues (borrowed), all copies | 20 |
| Source of classification or shelving scheme | Damaged status | Not for loan | Home library | Current library | Shelving location | Date of accession | Source of acquisition | Cost, normal purchase price | Total Checkouts | Full call number | Barcode | Date last seen | Date checked out | Copy number | Koha item type |
|---|---|---|---|---|---|---|---|---|---|---|---|---|---|---|---|
| Dewey Decimal Classification | JCC Rouf Library | JCC Rouf Library | General Stacks | 10/16/2017 | IPDC | 200.00 | 15 | 891.443 HUM 2011 | 2226 | 01/31/2023 | 11/23/2022 | C-1 | Books |